Normale Ansicht MARC-Ansicht ISBD

The Migrant's Spirit (Titelsatznr. 73508)

[ MARC ]
MARC-Details
000 -Satzkennung
Kontrollfeld mit fester Länge 00984namaa2200301 cb4500
001 - Kontrollnummer
Kontrollfeld BV005305351
003 - Kontrollnummer Identifier
Kontrollfeld DE-70
005 - Datum und Zeit der letzten Transaktion
Kontrollfeld 20251222144043.0
006 - Datenelemente mit fester Länge - Weitere Materialmerkmale
Kontrollfeld mit fester Länge m|||| o||u| ||||||
007 - Feld mit fester Länge zur physischen Beschreibung - Allgemeine Information
Kontrollfeld mit fester Länge tu
007 - Feld mit fester Länge zur physischen Beschreibung - Allgemeine Information
Kontrollfeld mit fester Länge 7
008 - Feld mit fester Länge zur physischen Beschreibung - Allgemeine Angaben
Kontrollfeld mit fester Länge 920527s1980 a||| |||| 00||| und d
020 ## - Internationale Standardbuchnummer
Internationale Standardbuchnummer 9780197831052
Verknüpfung 978-0-19-783105-2
024 ## - Anderer Standardidentifier
Standardnummer oder Code 9780197831052
-- 978-0-19-783105-2
040 ## - Katalogisierungsquelle
Übertragungsstelle RU-10907106
041 ## - Sprachcode
Sprachcode des Textes/der Tonspur oder des separaten Titels eng
100 ## - Haupteintragung - Personenname
Personenname Hein, Benjamin P
Funktionsbezeichnungscode aut
Koha-Normdatenidentnummer 68060
245 ## - Titel
Titel The Migrant's Spirit
Zusatz zum Titel How Industrial Modernity Came to the German Lands
Verfasserangabe etc. Benjamin P Hein
264 ## - Produktion, Veröffentlichung, Distribution, Herstellung und Urheberrechtsvermerk
Herstellungs-, Veröffentlichungs- Vertriebs-, Erzeugungsort Kettering
Produzent, Herausgeber, Distributor, Hersteller Oxford University Press
Datum der Herstellung, der Veröffentlichung, des Vertriebs oder des Urheberschutzvermerks 2025
300 ## - Physische Beschreibung
Umfang 1 Online-Ressource (xviii, 332 Seiten)
Andere physische Details Illustrationen
336 ## - Inhaltstyp
Quelle rdacontent
Inhaltstypterm Text
Inhaltstypcode txt
337 ## - Medientyp
Quelle rdamedia
Bezeichnung des Medientyps Computermedien
Medientypcode bc
338 ## - Datenträgertyp
Quelle rdacarrier
Datenträgertypbezeichnung Online Ressource
Datenträgertypcode cr
490 ## - Gesamttitelangabe
Gesamttitelangabe Oxford scholarship online
500 ## - Allgemeine Fußnote
Allgemeine Fußnote E-Book / Zugriff nur im Lesesaal
856 ## - Elektronische Adresse und Zugriff
OPAC-Notiz Volltext
URL <a href="https://doi.org/10.1093/9780197831052.001.0001">https://doi.org/10.1093/9780197831052.001.0001</a>
942 ## - Zusätzliche Felder (Koha)
Koha-Medientyp E-Books
Klassifikation oder Aufstellungssystematik Andere/Generische Klassifikation
Exemplare
Ausgeschieden Verloren Klassifikation oder Aufstellungssystematik Beschädigt Nicht entleihbar Heimatbibliothek Aufenthaltsbibliothek Aufstellungsort Erwerbungsdatum Inventarnummer Signatur Barcode Letzte Aktivität Preis gültig von Koha-Medientyp
    Andere/Generische Klassifikation     MWN Osteuropa MWN Osteuropa Online-Ressource 18/12/2025 25-e01509 E-25-e01509 76427 18/12/2025 18/12/2025 E-Books